Duel Louca - Statistiques

Statistiques générales
  • Ce quiz a été pris 17 fois
  • Le résultat moyen est 19 sur 30
Statistiques - réponses
Duel Sport % Correct
7ème duel (Tome 7) Natation
89%
1er duel (Tome 5) Tennis
89%
3ème duel (Tome 6) Athletisme
78%
2ème duel(Tome 6) Basketball
78%
5ème duel (Tome 7) Boxe
78%
10ème duel (Tome 8 et 9) E-sport
78%
2ème duel(Tome 6) Louca
78%
3ème duel (Tome 6) Louca
78%
4ème duel (Tome 6) Louca
78%
5ème duel (Tome 7) Louca
78%
7ème duel (Tome 7) Louca
78%
4ème duel (Tome 6) Golf
67%
5ème duel (Tome 7) Noera
67%
7ème duel (Tome 7) Pierre
67%
2ème duel(Tome 6) Gervais
56%
9ème duel (Tome 7) Gymnastique
56%
10ème duel (Tome 8 et 9) Joe kilian
56%
10ème duel (Tome 8 et 9) Joe Kilian
56%
4ème duel (Tome 6) Jordan
56%
6ème duel (Tome 7) Kilian
56%
6ème duel (Tome 7) Kilian
56%
3ème duel (Tome 6) Mathis
56%
6ème duel (Tome 7) Rugby
56%
9ème duel (Tome 7) Charles
44%
9ème duel (Tome 7) Charles
44%
8ème duel (Tome 7) Karting
44%
1er duel (Tome 5) Xavier
44%
1er duel (Tome 5) Xavier
44%
8ème duel (Tome 7) Stephane
33%
8ème duel (Tome 7) Stephane
33%
Aucun quiz correspondant
Distribution des résultats
% des personnes avec chaque résultat
Percentile par nombre de réponses
Votre historique - résultats
Vous n’avez pas pris ce quiz